| 000 | 006720000a22001570004500 | ||
|---|---|---|---|
| 090 | _aT P358q | ||
| 100 | 1 | _aPeñaloza Ortiz, Olga Lucía | |
| 245 | 1 | 0 | _aPsicología y fe bíblica: Profesión al servicio de la vocación / Olga Lucía Peñaloza Ortiz |
| 260 | _aMedellín, Colombia | ||
| 300 | _a149 Pag | ||
| 500 | _aTesis (licenciatura)--Seminario Bíblico de Colombia | ||
| 502 | _aPresidente del jurado: Theo Donner; Jurado: Jorge Gutiérrez; Jurado: Ana María de Voelkel | ||
| 520 | _a- La psicología y sus presupuestos - La opción integradora y sus críticas - Nuevos acercamientos a la relación entre psicología y fe bíblica | ||
| 001 | 4263 | ||
| 942 | _cBK | ||
| 999 |
_c34873 _d34873 |
||